Statistics for Top 50 Clubs With Most Points in the 5 Latest Seasons (19)

Click here to take the quiz!

General Stats

  • This quiz has been taken 132 times
  • The average score is 36 of 50

Answer Stats

#14/1515/1616/1717/1818/19PClub% Correct
108750937072372Chelsea
99%
579667810098421Manchester City
99%
17988828478459Bayern Munich
98%
29491909387455FC Barcelona
98%
235257636468304AC Milan
97%
69290937668419Real Madrid
97%
116260767597370Liverpool
96%
48396879391450Paris Saint-Germain
96%
38791919590454Juventus
95%
167066698166352Manchester United
95%
126470867771368Tottenham Hotspur
95%
157571756370356Arsenal
94%
134678645576357Borussia Dortmund
94%
185567627269325Inter Milan
94%
87888787976399Atlético Madrid
93%
97080877766380AS Roma
91%
76382869179401SSC Napoli
91%
247744467361301Valencia
87%
137565677872357Olympique Lyonnais
85%
404747614954258Everton
84%
196954707259324SS Lazio
83%
384181444752265Leicester City
82%
207652725859317Sevilla
82%
206948627761317Olympique Marseille
81%
177165958036347AS Monaco
78%
364852436333267Schalke 04
73%
335660463875275Lille OSC
70%
226160415558307Bayer 04 Leverkusen
69%
454762454252248West Ham United
69%
325562634353276Athletic Bilbao
67%
296464605741286ACF Fiorentina
62%
286064676144296Villarreal
61%
264863785456299OGC Nice
57%
303745726069283Atalanta
55%
356350595541268FC Girondins de Bordeaux
54%
345445535463269Torino FC
54%
256655454755300Borussia Mönchengladbach
53%
366945373355267WfL Wolfsburg
53%
414648644950257Real Sociedad
52%
486063463639244Southampton
52%
484548515248244FC Nantes
48%
3144376255512781899 Hoffenheim
44%
276958505566298AS Saint-Étienne
44%
465160454941246Celta Vigo
44%
425649395159254Montpellier HSC
40%
435640485453251UC Sampdoria
40%
395052505852262Stade Rennais
38%
463550494343246Hertha BSC
36%
444943564953250Espanyol
32%
504961464343242Sassuolo
25%

Score Distribution

Percentile by Number Answered

Percent of People with Each Score

Your Score History

You have not taken this quiz